000 00849nam a2200229 a 4500
001 40119
003 BD-RjUL
005 20211209053136.0
008 160423s1975 bg ||||| |||| 00| 0 ben d
020 _c: TK 120.00
035 _a(BD-RjUL)40234
040 _aBD-RjUL
_bben
_cBD-RjUL
041 _aben
082 _223
_a891.444
_bCHA 1975
100 _aচৌধুরী, সিরাজুল ইসলাম
_9121228
245 1 0 _aআরণ্যক দৃশ্যাবলী /
_cসিরাজুল ইসলাম চৌধুরী
260 _aঢাকা :
_bমুক্তধারা,
_c১৯৭৫
300 _a[৬], ১৬৫ পৃ. ;
_c২১ সেমি
650 _aবাংলা সাহিত্য
_xপ্রবন্ধ
_9118327
650 _aBengali Literature
_xEssays
_9118328
942 _2ddc
_cBK
999 _c40119
_d40119